[Event "X Anibal Open"]
[Site "Linares ESP"]
[Date "2003.03.02"]
[Round "3"]
[White "Gorbatov,A"]
[Black "Castillo Gallego,S"]
[Result "1-0"]
[WhiteElo "2448"]
[BlackElo "2217"]
[EventDate "2003.02.28"]

1. d4 Nf6 2. c4 g6 3. Nf3 Bg7 4. g3 O-O 5. Bg2 d6 6. O-O Nbd7 7. Nc3 e5 8.
e4 a6 9. Qc2 b5 10. dxe5 dxe5 11. Rd1 b4 12. Nd5 Rb8 13. c5 Nxd5 14. exd5
Re8 15. Be3 Nf6 16. d6 Ng4 17. Bg5 f6 18. d7 Bxd7 19. c6 Bf5 20. Qb3+ Be6
21. Rxd8 Bxb3 22. Rxb8 Rxb8 23. axb3 e4 24. Bf4 exf3 25. Bxf3 Ne5 26. Bxe5
fxe5 27. Rd1 Re8 28. Rd7 e4 29. Bg2 Be5 30. Bxe4 Bd6 31. f3 Re5 32. Kg2 a5
33. h4 Re7 34. Rd8+ Kg7 35. g4 h6 36. Kh3 Re5 37. Kg2 Re7 38. Kf2 Rf7 39.
Ra8 Re7 40. Rxa5 Re5 41. Ra8 Re7 42. Rb8 Re5 43. Ke2 Re7 44. Kd3 Rf7 45.
Rb5 Re7 46. h5 g5 47. Rb8 Re5 48. Rd8 Re7 49. Bd5 Re5 50. Kc4 Re7 51. Rg8+
Kh7 52. Rg6 Rg7 53. Rxd6 cxd6 54. Be6 Ra7 55. Kd5 Kg7 56. Kxd6 Kf6 57. Bf5
Ra1 58. c7 Rd1+ 59. Kc6 Rc1+ 60. Kb6 1-0

[Event "X Anibal Open"]
[Site "Linares ESP"]
[Date "2003.03.02"]
[Round "3"]
[White "Peng Zhaoqin"]
[Black "Salgado Lopez,I"]
[Result "1-0"]
[WhiteElo "2425"]
[BlackElo "2174"]
[EventDate "2003.02.28"]

1. d4 d5 2. c4 c6 3. Nc3 Nf6 4. Nf3 dxc4 5. a4 Bf5 6. Nh4 e6 7. Nxf5 exf5
8. e3 Bb4 9. Bxc4 O-O 10. O-O Nbd7 11. Qb3 Qb6 12. Ne2 a5 13. Qc2 g6 14. b3
Qd8 15. Bd2 Bd6 16. f3 Re8 17. e4 fxe4 18. fxe4 Be7 19. Bg5 Qb6 20. Kh1 Rf8
21. e5 Nd5 22. Bxe7 Nxe7 23. e6 Nb8 24. exf7+ Kg7 25. Nf4 1-0

[Event "X Anibal Open"]
[Site "Linares ESP"]
[Date "2003.03.02"]
[Round "3"]
[White "Martos Exposito,M"]
[Black "Kachar,V"]
[Result "0-1"]
[WhiteElo "2139"]
[BlackElo "2364"]
[EventDate "2003.02.28"]

1. e4 c5 2. Nc3 Nc6 3. f4 g6 4. Nf3 Bg7 5. Bc4 e6 6. d3 Nge7 7. O-O d5 8.
Bb3 O-O 9. Qe1 Nd4 10. Nxd4 cxd4 11. Ne2 dxe4 12. dxe4 Bd7 13. Bc4 Qb6 14.
Qf2 Rac8 15. Bd3 Nc6 16. a3 f5 17. e5 g5 18. Qg3 gxf4 19. Nxf4 Rf7 20. Nh5
Kh8 21. Nxg7 Rxg7 22. Bg5 Kg8 23. Qh4 Nxe5 24. Bf6 Rg4 25. Qf2 Nxd3 26.
cxd3 Bc6 27. g3 Qb5 28. Qe2 Qd5 29. Rf3 Rg6 30. Raf1 Rxf6 31. h3 Rcf8 32.
Kh2 R6f7 33. b4 Qd6 34. R3f2 Rg7 35. Rg1 Kh8 36. Rf4 Rxg3 0-1

[Event "X Anibal Open"]
[Site "Linares ESP"]
[Date "2003.03.02"]
[Round "3"]
[White "Moreno,Ale"]
[Black "Roua,R"]
[Result "1-0"]
[WhiteElo "2390"]
[BlackElo "2131"]
[EventDate "2003.02.28"]

1. d4 e6 2. c4 Nf6 3. Nc3 b6 4. e4 Bb4 5. Bd3 Bb7 6. Qe2 d6 7. Bd2 e5 8. d5
Nbd7 9. Nf3 a5 10. O-O O-O 11. h3 Nh5 12. g3 g6 13. Bh6 Re8 14. Nd1 f5 15.
Ng5 Nc5 16. Bc2 Nxe4 17. Bxe4 fxe4 18. Nxe4 Qe7 19. Ne3 Nf4 20. gxf4 Bc8
1-0

[Event "X Anibal Open"]
[Site "Linares ESP"]
[Date "2003.03.02"]
[Round "3"]
[White "Ruiz Jimenez,F"]
[Black "Estrada Nieto,J"]
[Result "0-1"]
[WhiteElo "2132"]
[BlackElo "2341"]
[EventDate "2003.02.28"]

1. e4 e5 2. Nf3 Nc6 3. Bb5 a6 4. Ba4 Nf6 5. O-O Be7 6. Re1 b5 7. Bb3 d6 8.
c3 O-O 9. h3 Na5 10. Bc2 c5 11. d4 Qc7 12. Nbd2 Rd8 13. Nf1 cxd4 14. cxd4
exd4 15. Bf4 Nc6 16. Ng3 Qb6 17. Rc1 Bd7 18. Ne2 d5 19. e5 Ne4 20. Nexd4
Rac8 21. Be3 Qb7 22. Nxc6 Bxc6 23. Nd4 Bd7 24. Qf3 g6 25. Bh6 Bg5 26. Bxg5
Nxg5 27. Qf6 Ne6 28. Nxe6 Bxe6 29. h4 Re8 30. h5 Qe7 31. hxg6 hxg6 32. Qxe7
Rxe7 33. Bb3 Rec7 34. Rxc7 Rxc7 35. Rd1 Rc5 36. f4 Kg7 37. Kf2 a5 38. Rd2
a4 39. Bd1 Rc4 40. g3 Rc8 41. Be2 b4 42. Bd1 a3 43. bxa3 bxa3 44. Bb3 g5
45. Rc2 Rh8 46. Kf3 Kg6 47. Rc6 gxf4 48. Kxf4 Kg7 49. Ra6 Rh1 50. Rxa3 Rf1+
51. Ke3 Re1+ 52. Kf4 Re4+ 53. Kf3 Bg4+ 54. Kf2 Re2+ 55. Kf1 Rxe5 56. Ra4
Be6 57. Rd4 Kf6 58. Kf2 Rg5 59. Rf4+ Ke5 60. Kf3 Rg8 61. Rh4 Rc8 62. Rh1
Rc3+ 63. Kf2 Bg4 64. Rh4 Be6 65. Rh1 Bg4 66. Rh4 f5 67. Rh8 Bf3 68. Re8+
Kd4 69. Re1 Be4 70. Rd1+ Ke5 71. Rg1 d4 72. Ke2 Re3+ 73. Kd2 Rf3 74. Ke2
d3+ 75. Kd2 Kd4 76. g4 Rf2+ 77. Ke1 Ke3 78. Rg3+ Bf3 0-1

[Event "X Anibal Open"]
[Site "Linares ESP"]
[Date "2003.03.03"]
[Round "4"]
[White "Kotronias,V"]
[Black "Korobov,A"]
[Result "1/2-1/2"]
[WhiteElo "2573"]
[BlackElo "2509"]
[EventDate "2003.02.28"]

1. e4 c5 2. Nf3 Nc6 3. d4 cxd4 4. Nxd4 Qb6 5. Nb3 e6 6. Nc3 Nf6 7. Bd3 Be7
8. Be3 Qc7 9. f4 O-O 10. e5 Ne8 11. Nb5 Qb8 12. N5d4 d6 13. Nxc6 bxc6 14.
exd6 Nxd6 15. O-O Nf5 16. Bxf5 exf5 17. c4 Be6 18. Qc2 Qb4 19. Nd4 Qxc4 20.
Qxc4 Bxc4 21. Rfc1 Bd5 22. Nxc6 Bf6 23. Bd4 Bxd4+ 24. Nxd4 Be4 25. Ne2 a5
26. Nc3 Bc6 27. Rd1 Rab8 28. Rd6 Rfc8 29. Rad1 g5 30. R1d2 gxf4 31. Ne2 Be4
32. Nxf4 a4 33. a3 Rc2 34. Rxc2 Bxc2 35. Rd2 Rxb2 36. Kf2 Ra2 37. Nd5 Bb3
38. Rxa2 Bxa2 39. Ne7+ 1/2-1/2

[Event "X Anibal Open"]
[Site "Linares ESP"]
[Date "2003.03.03"]
[Round "4"]
[White "Pogorelov,R"]
[Black "Delchev,A"]
[Result "0-1"]
[WhiteElo "2517"]
[BlackElo "2583"]
[EventDate "2003.02.28"]

1. d4 Nf6 2. c4 e6 3. Nc3 Bb4 4. Qc2 c5 5. dxc5 O-O 6. a3 Bxc5 7. Nf3 b6 8.
Bg5 Be7 9. e4 Bb7 10. Be2 d6 11. Rd1 Nbd7 12. e5 dxe5 13. Nxe5 Qe8 14. Nf3
Rc8 15. Nb5 a6 16. Nd6 Bxd6 17. Rxd6 b5 18. O-O bxc4 19. Rfd1 Nd5 20. Bxc4
h6 21. Bh4 N5b6 22. Qb3 Nxc4 23. Rxd7 Bd5 24. Re7 Rb8 25. Qc3 Qa4 26. Re1
Rxb2 27. Ra7 Rb3 28. Qd4 Qb5 29. Ne5 Rb1 30. f3 Nxe5 31. Qxe5 Rc8 32. Qe3
Rc2 33. Bf2 Rxe1+ 34. Qxe1 Rb2 35. Rc7 Bc6 36. Rc8+ Kh7 37. Qe3 Rb3 38. Qd2
Rb1+ 39. Be1 Qc5+ 40. Kh1 Qc1 41. Qd3+ f5 42. h3 Qxe1+ 43. Kh2 Qe5+ 0-1

[Event "X Anibal Open"]
[Site "Linares ESP"]
[Date "2003.03.03"]
[Round "4"]
[White "Del Rio Angelis,S"]
[Black "Inarkiev,E"]
[Result "1/2-1/2"]
[WhiteElo "2487"]
[BlackElo "2566"]
[EventDate "2003.02.28"]

1. e4 g6 2. d4 Bg7 3. Nf3 d6 4. Be2 Nf6 5. Nc3 O-O 6. O-O Bg4 7. Bg5 h6 8.
Be3 Nc6 9. h3 Bxf3 10. Bxf3 e5 11. d5 Ne7 12. h4 h5 13. g3 Kh7 14. a4 a5
15. Nb5 Nd7 16. Ra3 Ng8 17. Rc3 Rc8 18. Na7 Ra8 19. Nb5 Rc8 20. Bg2 Bh6 21.
Bxh6 Nxh6 22. Bh3 1/2-1/2

[Event "X Anibal Open"]
[Site "Linares ESP"]
[Date "2003.03.03"]
[Round "4"]
[White "Pavlovic,Mi"]
[Black "Vasquez,R"]
[Result "0-1"]
[WhiteElo "2560"]
[BlackElo "2481"]
[EventDate "2003.02.28"]

1. e4 c5 2. Nf3 d6 3. d4 cxd4 4. Nxd4 Nf6 5. Nc3 a6 6. Be2 e6 7. O-O Qc7 8.
a4 Be7 9. f4 Nc6 10. Be3 O-O 11. Kh1 Re8 12. Bd3 Bf8 13. Qf3 Nb4 14. Qg3
Nd7 15. a5 g6 16. f5 Bg7 17. fxe6 fxe6 18. Nf3 Nc6 19. Na4 Nde5 20. Nb6 Rb8
21. Nxe5 Nxe5 22. Bd4 Bd7 23. Qh3 Bc6 24. c3 Qe7 25. Bc2 Bb5 26. Rf2 Rf8
27. Bb3 Rxf2 28. Bxf2 Re8 29. Bg1 Kh8 30. Rd1 h5 31. Qe3 Kh7 32. h3 Rd8 33.
c4 Bc6 34. c5 dxc5 35. Rxd8 Qxd8 36. Bxe6 Qd4 37. Bd5 Qxb2 38. Qxc5 Qa1 39.
Qe7 Qxa5 40. Nc4 Qe1 41. Nd6 Qf1 42. Ne8 Bxe8 43. Qxe8 b5 44. Qa8 Nf3 45.
Qa7 Nxg1 46. Qxg1 Qf4 0-1

[Event "X Anibal Open"]
[Site "Linares ESP"]
[Date "2003.03.03"]
[Round "4"]
[White "El Gindy,E"]
[Black "Halkias,S"]
[Result "0-1"]
[WhiteElo "2467"]
[BlackElo "2521"]
[EventDate "2003.02.28"]

1. d4 e6 2. Nd2 d5 3. Ngf3 Nf6 4. e3 c5 5. Bd3 Bd6 6. O-O O-O 7. dxc5 Bxc5
8. e4 Nc6 9. c3 Qc7 10. exd5 exd5 11. Nb3 Bb6 12. Qc2 h6 13. Re1 Bg4 14.
Nfd4 Rae8 15. Be3 a6 16. Bf5 Re5 17. Bd3 Rfe8 18. Qd2 Bc8 19. f3 Qb8 20.
Bf2 Bc7 21. Rxe5 Nxe5 22. g3 Nc4 23. Qc2 h5 24. Re1 Rxe1+ 25. Bxe1 h4 26.
Qf2 Nh5 27. f4 Nf6 28. Nf5 Bxf5 29. Bxf5 Qe8 30. Bd2 hxg3 31. hxg3 Nxb2 32.
Qe1 Qxe1+ 33. Bxe1 Ne4 34. Nc1 Ba5 35. Kf1 Nd1 36. Ke2 Ndxc3+ 37. Ke3 Nd1+
38. Ke2 Bxe1 39. Kxe1 Ndc3 40. a3 Nb5 41. Nb3 Nxg3 42. Bc8 Nd6 43. Bg4 Kf8
44. Kf2 Nge4+ 45. Ke3 f6 46. Bf3 Ke7 47. Na5 g5 48. a4 b6 49. Nb3 Nc4+ 50.
Kd3 Ned6 0-1

[Event "X Anibal Open"]
[Site "Linares ESP"]
[Date "2003.03.03"]
[Round "4"]
[White "Abdelnabbi,I"]
[Black "Arizmendi Martinez,J"]
[Result "1/2-1/2"]
[WhiteElo "2414"]
[BlackElo "2520"]
[EventDate "2003.02.28"]

1. e4 c5 2. Nf3 Nc6 3. d4 cxd4 4. Nxd4 Nf6 5. Nc3 e5 6. Ndb5 d6 7. Bg5 a6
8. Na3 b5 9. Nd5 Be7 10. Bxf6 Bxf6 11. c3 Ne7 12. Nxf6+ gxf6 13. Qf3 f5 14.
exf5 Bxf5 15. Bd3 Be6 16. Nc2 O-O 17. Qf6 Ng6 18. Qxd8 Rfxd8 19. g3 f5 20.
Kd2 Rdb8 21. Rhe1 Kf7 22. Bf1 Kf6 23. Reb1 a5 24. b4 axb4 25. Nxb4 Ra3 26.
Rb2 Rba8 27. Bxb5 e4 28. Be2 Ne5 29. Nc2 Rxa2 30. Rbxa2 Rxa2 31. Rxa2 Bxa2
32. Na3 Be6 33. Nb5 d5 34. Ke3 Nc6 35. Nd4 Ne7 36. Bb5 Ke5 37. Nc6+ Nxc6
38. Bxc6 1/2-1/2

[Event "X Anibal Open"]
[Site "Linares ESP"]
[Date "2003.03.03"]
[Round "4"]
[White "Gleizerov,E"]
[Black "Kovacevic,Sl"]
[Result "1/2-1/2"]
[WhiteElo "2579"]
[BlackElo "2396"]
[EventDate "2003.02.28"]

1. d4 Nf6 2. c4 e6 3. g3 c5 4. d5 exd5 5. cxd5 d6 6. Nc3 g6 7. Nf3 Bg7 8.
Bg2 O-O 9. O-O a6 10. a4 Nbd7 11. Bf4 Qe7 12. h3 h6 13. Rb1 Rb8 14. Qc1 g5
15. Bd2 Nb6 16. h4 g4 17. Nh2 Kh7 18. b4 Nbd7 19. Qc2+ Kh8 20. Rfc1 b6 21.
Nf1 Ra8 22. Ne3 Ne5 23. Na2 a5 24. bxa5 bxa5 25. Nc3 Ne8 26. Nf5 Qf6 27.
Nxg7 Kxg7 28. Bf4 Ng6 29. Be3 Bf5 30. Be4 Bc8 31. Rb6 Ne5 32. Qa2 Qd8 33.
Rcb1 Nd7 34. R6b3 Ndf6 35. Qb2 Nd7 36. Bf5 Ne5 37. Bxc8 Rxc8 38. Ne4 f6 39.
Qc1 Nf7 40. Bd2 Qe7 41. Qc2 Rc7 42. Re3 Qd7 43. Rb5 Ra7 44. Bxa5 Nc7 45.
Bc3 Ne5 46. Rb6 Ra6 47. Rb7 Rf7 48. Bxe5 fxe5 49. Ra3 Qc8 50. Qb2 Qf5 51.
f3 gxf3 52. Rxf3 Qxe4 53. Rxf7+ Kxf7 54. Rxc7+ Kg6 55. Qb8 Qxe2 56. Qf8
Qd1+ 57. Kh2 Qc2+ 58. Kg1 Qd1+ 59. Kh2 Qc2+ 1/2-1/2

[Event "X Anibal Open"]
[Site "Linares ESP"]
[Date "2003.03.03"]
[Round "4"]
[White "Fernandez Romero,Ern"]
[Black "Sorokin,M"]
[Result "1/2-1/2"]
[WhiteElo "2396"]
[BlackElo "2560"]
[EventDate "2003.02.28"]

1. e4 e5 2. Nf3 Nc6 3. Nc3 Nf6 4. d4 exd4 5. Nxd4 Bb4 6. Nxc6 bxc6 7. Bd3
d5 8. exd5 cxd5 9. Qe2+ Be7 10. Bg5 O-O 11. O-O-O c6 12. Rhe1 Bb4 13. Qe5
Ng4 14. Qf4 Qd6 15. Qf3 Ne5 16. Qg3 Nxd3+ 17. Qxd3 Be6 18. a3 Ba5 19. Bd2
Rab8 20. g3 Rxb2 21. Kxb2 Rb8+ 22. Nb5 Rxb5+ 23. Qxb5 cxb5 24. Bxa5 d4 25.
Bb4 Qd5 26. Kc1 Qa2 27. Bc3 Qxa3+ 28. Bb2 Qf3 29. Rxd4 h6 30. Rd8+ Kh7 31.
Rxe6 fxe6 32. Rd7 Kg8 33. Rxg7+ Kf8 34. Rg6 Qh1+ 35. Kd2 Qxh2 36. Bd4 Qh3
37. Be3 a5 38. Rxh6 Qf5 39. Rh4 Ke7 40. g4 Qe4 41. Rh5 e5 42. g5 Qb4+ 43.
Kd3 Qd6+ 44. Kc3 Qb4+ 45. Kd3 a4 46. Rh7+ Ke6 47. Rh6+ Kd5 48. Ra6 Qc4+ 49.
Kd2 Qc8 50. Ra7 Qg4 51. Kc1 Ke4 52. Kb2 Kf5 53. Rf7+ Kg6 54. Rf6+ Kg7 55.
Ra6 Qb4+ 56. Ka2 Qc3 57. Kb1 a3 58. Bc1 Qb4+ 59. Ka1 Qd4+ 60. Kb1 b4 61.
Ra4 Qc4 62. Bxa3 Qf1+ 63. Bc1 1/2-1/2

[Event "X Anibal Open"]
[Site "Linares ESP"]
[Date "2003.03.03"]
[Round "4"]
[White "Kachar,V"]
[Black "Blehm,P"]
[Result "1/2-1/2"]
[WhiteElo "2364"]
[BlackElo "2526"]
[EventDate "2003.02.28"]

1. d4 Nf6 2. Nf3 g6 3. c4 Bg7 4. Nc3 O-O 5. e4 c6 6. Bd3 d6 7. O-O Bg4 8.
Be3 Na6 9. h3 Bxf3 10. Qxf3 c5 11. d5 Qb6 12. Qe2 e6 13. Qd2 Rfe8 14. Rab1
exd5 15. exd5 Nd7 16. Rfe1 Re7 17. Bg5 Re5 18. Bf4 Rxe1+ 19. Rxe1 Ne5 20.
Bf1 Re8 21. Ne4 Qd8 22. Bg5 f6 23. Bf4 Nc7 24. Nc3 f5 25. Rb1 Bf6 26. Rd1
Re7 27. Bg5 Ne8 28. Bxf6 Nxf6 29. f4 Ned7 30. Re1 Nh5 31. Re6 Nf8 32. Rxe7
Qxe7 33. Be2 Ng3 34. Kh2 Ne4 35. Qe3 g5 36. Bd3 Ng6 37. Bxe4 gxf4 38. Qf3
fxe4 39. Qxe4 Kf7 40. Qf5+ Kg7 41. Ne4 b6 42. Qe6 Qxe6 43. dxe6 Ne5 44. b3
Nc6 45. Nxd6 Kf6 46. Ne4+ Kxe6 47. Ng5+ Kf5 48. Nxh7 Nb4 49. a4 Nc6 50. g4+
fxg3+ 51. Kxg3 Nd4 52. Kf2 Nxb3 53. Ke3 Nd4 54. Kd3 Nc6 55. Nf8 Ne5+ 56.
Kc3 Kf6 57. h4 Kf7 58. Nh7 Nf3 59. Ng5+ Nxg5 60. hxg5 Kg6 61. Kd3 Kxg5 62.
Ke4 Kg4 63. Kd5 Kf4 64. a5 bxa5 65. Kxc5 Ke5 66. Kb5 1/2-1/2

[Event "X Anibal Open"]
[Site "Linares ESP"]
[Date "2003.03.03"]
[Round "4"]
[White "Grigoriants,S RUS"]
[Black "Arbakov,V"]
[Result "1-0"]
[WhiteElo "2524"]
[BlackElo "2374"]
[EventDate "2003.02.28"]

1. e4 c5 2. Nf3 d6 3. d4 cxd4 4. Nxd4 Nf6 5. Nc3 a6 6. f4 e5 7. Nf3 Qc7 8.
a4 Be7 9. Bd3 O-O 10. O-O Nc6 11. Kh1 Nb4 12. Bd2 Be6 13. Qe2 Rac8 14. Rac1
Rfe8 15. Ng5 Bg4 16. Qf2 exf4 17. Qxf4 Bh5 18. Ne2 Nxd3 19. cxd3 Qd7 20.
Nc3 Bg6 21. Nf3 Nh5 22. Qe3 f5 23. Rce1 Bf6 24. Qb6 fxe4 25. Nxe4 Be7 26.
Qb3+ Kh8 27. Neg5 Rf8 28. Nh4 Rce8 29. Rxf8+ Bxf8 30. Rxe8 1-0

[Event "X Anibal Open"]
[Site "Linares ESP"]
[Date "2003.03.03"]
[Round "4"]
[White "Potkin,V"]
[Black "Moreno,Ale"]
[Result "1/2-1/2"]
[WhiteElo "2516"]
[BlackElo "2390"]
[EventDate "2003.02.28"]

1. e4 c5 2. Nf3 Nc6 3. d4 cxd4 4. Nxd4 Nf6 5. Nc3 d6 6. Bc4 e6 7. Be3 a6 8.
Bb3 Be7 9. f4 Nxd4 10. Bxd4 b5 11. e5 dxe5 12. fxe5 Nd5 13. Qf3 Bb7 14.
Nxd5 Bxd5 15. Bxd5 Qxd5 16. Qxd5 exd5 17. O-O-O Kd7 18. Rd3 Ke6 19. Rg3
Rhg8 20. Rf1 Rac8 21. Rf4 g5 22. Rf1 g4 23. Kd2 h5 24. Kd3 Rg5 25. Re3 Rf5
26. Rxf5 Kxf5 27. Re1 Ke6 28. c3 Bg5 29. Rf1 a5 30. b3 Ra8 31. Be3 Be7 32.
Bd4 a4 33. bxa4 Rxa4 34. Rf2 Bg5 35. h3 g3 36. Rb2 Bf4 37. Rxb5 Rxa2 38.
Rb6+ Ke7 39. Bc5+ Ke8 40. Be3 Bxe5 41. Bd2 f6 42. Rb5 Ra1 43. Be3 Ra3 44.
Rxd5 Rxc3+ 45. Ke2 Kf7 46. Rd3 Rc2+ 47. Rd2 Rc4 48. Kf3 Kg6 49. Rd8 Ra4 50.
Rh8 h4 51. Rg8+ Kf5 52. Rg4 Rxg4 53. hxg4+ Kg6 54. Bd2 Bd6 55. Be3 Be5 56.
Bd2 Bd6 57. Be3 Be5 1/2-1/2

[Event "X Anibal Open"]
[Site "Linares ESP"]
[Date "2003.03.03"]
[Round "4"]
[White "Estrada Nieto,J"]
[Black "Cheparinov,I"]
[Result "1/2-1/2"]
[WhiteElo "2341"]
[BlackElo "2478"]
[EventDate "2003.02.28"]

1. e4 c5 2. Nf3 g6 3. d4 Bg7 4. d5 d6 5. Nc3 Nf6 6. Be2 O-O 7. h3 b5 8. e5
dxe5 9. Bxb5 e4 10. Nd2 e3 11. fxe3 Nxd5 12. Nxd5 Qxd5 13. O-O Bb7 14. Qe2
Nd7 15. Nc4 Nf6 16. Na5 c4 17. a4 a6 18. Rd1 Qe5 19. Bc6 Bxc6 20. Nxc6 Qc7
21. Qf3 e5 22. Nb4 Rfd8 23. Bd2 a5 24. Na2 Qc5 25. Nc3 h5 26. Be1 e4 27.
Nxe4 Nxe4 28. Qxe4 Re8 29. Rd5 Qxe3+ 30. Qxe3 Rxe3 31. Bxa5 Bxb2 32. Rf1
Re5 33. Rd8+ Rxd8 34. Bxd8 Re2 35. Bf6 Rxc2 36. Bxb2 Rxb2 37. Rc1 Rb4 38.
a5 Ra4 39. Kf2 h4 40. Kf3 Kg7 41. a6 g5 42. a7 Kg6 43. Rxc4 Rxa7 1/2-1/2

[Event "X Anibal Open"]
[Site "Linares ESP"]
[Date "2003.03.03"]
[Round "4"]
[White "Rodriguez Guerrero,E"]
[Black "Guerra Bastida,D"]
[Result "1-0"]
[WhiteElo "2450"]
[BlackElo "2368"]
[EventDate "2003.02.28"]

1. e4 c5 2. Nf3 d6 3. d4 cxd4 4. Nxd4 Nf6 5. Nc3 g6 6. Be3 Bg7 7. f3 O-O 8.
Qd2 Nc6 9. Bc4 Bd7 10. O-O-O Qa5 11. Bb3 Rfc8 12. g4 Ne5 13. h4 Rc4 14. g5
Nh5 15. f4 Rxd4 16. Qxd4 Ng4 17. e5 Ng3 18. Rhe1 Nf5 19. Qd5 Qxd5 20. Nxd5
e6 21. Bg1 exd5 22. Bxd5 Rb8 23. Bxa7 Rc8 24. exd6 Nxd6 25. Bxb7 Rc7 26.
Rxd6 Rxb7 27. Rxd7 Bxb2+ 28. Kb1 Rxd7 29. Re8+ Kg7 30. Bc5 f5 31. Kxb2 Kf7
32. Re2 Rc7 33. Bd4 Rb7+ 34. Kc3 Rb1 35. a4 Rf1 36. a5 Rf3+ 37. Kb2 Rxf4
38. c3 1-0

[Event "X Anibal Open"]
[Site "Linares ESP"]
[Date "2003.03.03"]
[Round "4"]
[White "Cornette,M"]
[Black "Gorbatov,A"]
[Result "0-1"]
[WhiteElo "2329"]
[BlackElo "2448"]
[EventDate "2003.02.28"]

1. e4 c6 2. d4 d5 3. f3 e6 4. Nc3 b5 5. exd5 b4 6. dxe6 bxc3 7. exf7+ Kxf7
8. Bc4+ Be6 9. Bxe6+ Kxe6 10. bxc3 Bd6 11. Ne2 Nf6 12. Qd3 Qc7 13. Qc4+ Ke7
14. Ng3 Bxg3+ 15. hxg3 Qxg3+ 16. Kf1 Re8 17. Rh3 Qd6 18. Bg5 h6 19. Re1+
Kf8 20. Rxe8+ Nxe8 21. Qb3 Nd7 22. Bc1 Qd5 23. Qb4+ Kg8 24. Qe7 Qf7 25. Qe4
Qc4+ 26. Kg1 Nef6 27. Qf5 Qd5 28. Qd3 Kh8 0-1

[Event "X Anibal Open"]
[Site "Linares ESP"]
[Date "2003.03.03"]
[Round "4"]
[White "Vassallo,M"]
[Black "Moreno Tejera,E"]
[Result "1/2-1/2"]
[WhiteElo "2443"]
[BlackElo "2366"]
[EventDate "2003.02.28"]

1. d4 f5 2. g3 Nf6 3. Bg2 d6 4. c4 g6 5. Nf3 Bg7 6. b4 O-O 7. Bb2 c6 8. O-O
Kh8 9. Nbd2 Be6 10. Qc2 Bg8 11. Ne1 Nbd7 12. Nd3 Qc7 13. e4 Nxe4 14. Nxe4
fxe4 15. Bxe4 d5 16. cxd5 Nf6 17. Bg2 Bxd5 18. Nf4 Bxg2 19. Kxg2 Qd7 20.
Rae1 Nd5 21. Ne6 Rf6 22. Qe4 Nxb4 23. Nxg7 Kxg7 24. Qxe7+ Qxe7 25. Rxe7+
Rf7 26. d5+ Kg8 27. Rxf7 1/2-1/2

[Event "X Anibal Open"]
[Site "Linares ESP"]
[Date "2003.03.03"]
[Round "4"]
[White "Labib,I"]
[Black "Adly,A"]
[Result "1-0"]
[WhiteElo "2439"]
[BlackElo "2315"]
[EventDate "2003.02.28"]

1. e4 c5 2. Nf3 a6 3. c3 Nf6 4. e5 Nd5 5. d4 cxd4 6. cxd4 d6 7. Nc3 Nxc3 8.
bxc3 Nc6 9. exd6 e6 10. Bd3 Bxd6 11. O-O O-O 12. Re1 h6 13. Qe2 Bd7 14. Ne5
Be8 15. Ng4 Ne7 16. Nxh6+ gxh6 17. Bxh6 Ng6 18. Bxg6 fxg6 19. Bxf8 Bxf8 20.
Qxe6+ Bf7 21. Qe4 b5 22. a4 Rc8 23. axb5 axb5 24. Ra6 Qg5 25. h4 Qf5 26.
Qxf5 gxf5 27. Re5 Bc4 28. Rxf5 b4 29. Rg5+ Kh8 30. Rag6 Kh7 31. cxb4 Bh6
32. Rxh6+ Kxh6 33. Rc5 Ba6 34. Rxc8 Bxc8 35. f3 Kh5 36. g3 Bb7 37. Kf2 1-0

[Event "X Anibal Open"]
[Site "Linares ESP"]
[Date "2003.03.03"]
[Round "4"]
[White "Almagro Mazariegos,S"]
[Black "Peng Zhaoqin"]
[Result "0-1"]
[WhiteElo "2294"]
[BlackElo "2425"]
[EventDate "2003.02.28"]

1. e4 c5 2. Nf3 Nc6 3. d4 cxd4 4. Nxd4 Qc7 5. Nc3 e6 6. Be2 a6 7. O-O Bc5
8. Nxc6 Qxc6 9. Qd3 Ne7 10. Be3 O-O 11. Rad1 Bxe3 12. Qxe3 b5 13. e5 Nf5
14. Qf4 Rb8 15. Bd3 b4 16. Ne4 Bb7 17. Rfe1 Kh8 18. f3 Qb6+ 19. Kh1 Rbc8
20. Ng3 Ne7 21. Qh4 Ng6 22. Bxg6 fxg6 23. Rxd7 Bc6 24. Rd6 Qa5 25. Ne4 h6
26. Rxe6 b3 27. axb3 Rf4 28. Qg3 Bxe4 29. fxe4 Rg4 30. Rxa6 Qd2 31. Rd6 Qg5
32. Qf2 Qxe5 33. Rd2 Qxb2 34. e5 Rg5 35. e6 Re5 36. Rxe5 Qxe5 37. Qe2 Rxc2
0-1

[Event "X Anibal Open"]
[Site "Linares ESP"]
[Date "2003.03.03"]
[Round "4"]
[White "Segura Ariza,J"]
[Black "Alonso,S"]
[Result "0-1"]
[WhiteElo "2215"]
[BlackElo "2443"]
[EventDate "2003.02.28"]

1. d4 Nf6 2. c4 g6 3. Nc3 d5 4. Bf4 Bg7 5. Rc1 Nh5 6. Bg5 h6 7. Bh4 dxc4 8.
e3 Be6 9. Be2 Nf6 10. f4 Nd5 11. Qd2 c5 12. Nxd5 Bxd5 13. Bxc4 cxd4 14.
Bxd5 Qxd5 15. Rc8+ Kd7 16. Rxh8 Bxh8 17. Nf3 Nc6 18. O-O Ke8 19. exd4 Nxd4
20. Kh1 Rd8 21. Nxd4 Qxd4 22. Qe2 Bf6 23. Bxf6 Qxf6 24. Qb5+ Kf8 25. Qxb7
Qxf4 26. Qa6 Rd6 27. Qb5 Qd4 28. Qb3 Rd5 29. h3 Kg7 30. Qb8 Re5 31. Qe8 Qc4
32. Rd1 Re2 33. Qa8 Qxa2 34. Rd8 Qb1+ 35. Kh2 Qe4 0-1

[Event "X Anibal Open"]
[Site "Linares ESP"]
[Date "2003.03.03"]
[Round "4"]
[White "Castillo Gallego,S"]
[Black "Eisenbeiser,K"]
[Result "1-0"]
[WhiteElo "2217"]
[BlackElo "2121"]
[EventDate "2003.02.28"]

1. e4 d6 2. d4 Nf6 3. Nc3 g6 4. Be3 c6 5. Qd2 b5 6. Bd3 Nbd7 7. Nf3 e5 8.
dxe5 dxe5 9. O-O Ng4 10. Bg5 f6 11. Bh4 a6 12. Rfd1 Qc7 13. a4 b4 14. Ne2
h5 15. h3 Nh6 16. Bc4 Be7 17. c3 Nc5 18. cxb4 Nxe4 19. Qc2 Bf5 20. Bd3 Nd6
21. Bxf5 Nhxf5 22. b5 e4 23. Nf4 exf3 24. Nd5 Qd8 25. Qxc6+ Kf7 26. Nc7
Nxh4 27. Qd5+ Kg7 28. Ne6+ Kh7 29. Nxd8 Rhxd8 30. Qe6 Re8 31. Rxd6 Bxd6 32.
Qxd6 fxg2 33. Qxf6 Nf5 34. Rd1 axb5 35. Rd7+ Kh6 36. h4 Re1+ 37. Kxg2 Nxh4+
38. Qxh4 Rxa4 39. Rd4 Rea1 40. Qf4+ 1-0

[Event "X Anibal Open"]
[Site "Linares ESP"]
[Date "2003.03.03"]
[Round "4"]
[White "Machin Arbelo,P"]
[Black "Breivik,L"]
[Result "1/2-1/2"]
[WhiteElo "2029"]
[BlackElo "2216"]
[EventDate "2003.02.28"]

1. e4 Nf6 2. Bc4 Nxe4 3. Bxf7+ Kxf7 4. Qh5+ Kg8 5. Qd5+ e6 6. Qxe4 d5 7.
Qe2 c5 8. Nf3 Nc6 9. d3 Bd6 10. Nc3 Nd4 11. Nxd4 cxd4 12. Nd1 Qc7 13. c3
dxc3 14. Nxc3 Bd7 15. Be3 Rc8 16. h3 a6 17. O-O Re8 18. f4 Bc6 19. Rac1 Qe7
20. d4 g6 21. Qg4 Qf6 22. Rf3 Kg7 23. Rcf1 Rhf8 24. f5 exf5 25. Bg5 Qe6 26.
Qh4 h5 27. g4 fxg4 28. Rf6 Rxf6 29. Rxf6 Qe1+ 30. Qxe1 Rxe1+ 31. Kf2 Be7
32. Kxe1 Bxf6 33. Bxf6+ Kxf6 34. hxg4 hxg4 35. Kf2 Kg5 36. Kg3 Kf5 37. a4
a5 38. b3 b6 39. Kf2 Kf4 40. Ke2 g3 41. Kf1 Ke3 42. Ne2 g2+ 43. Ke1 Bd7 44.
Ng1 Bg4 1/2-1/2

[Event "X Anibal Open"]
[Site "Linares ESP"]
[Date "2003.03.04"]
[Round "5"]
[White "Delchev,A"]
[Black "Hoffman,A"]
[Result "1-0"]
[WhiteElo "2583"]
[BlackElo "2506"]
[EventDate "2003.02.28"]

1. e4 d6 2. d4 Nf6 3. f3 e5 4. Ne2 Be7 5. c4 h5 6. Nbc3 c6 7. Be3 Nbd7 8.
d5 c5 9. h4 Nb8 10. a3 Na6 11. b4 b6 12. g3 Kf8 13. Qb3 g6 14. Bh3 Bxh3 15.
Rxh3 Qd7 16. Rh2 Kg7 17. b5 Nc7 18. a4 a5 19. O-O-O Rag8 20. Rf1 Kf8 21.
Nd1 Ke8 22. Bd2 Kd8 23. Qd3 Kc8 24. Kb1 Qd8 25. Nf2 Nd7 26. Nh3 f6 27. Bc3
Ne8 28. f4 Qc7 29. Nf2 Ng7 30. Nd1 Rf8 31. Ne3 Ne8 32. Rfh1 Ng7 33. f5 gxf5
34. exf5 Rh7 35. Bd2 Rfh8 36. Nc3 Qd8 37. Ne4 Kc7 38. Rf1 Qe8 39. Nc2 Qf7
40. Na1 Rg8 41. Nb3 Ra8 42. Bc3 Ne8 43. Qf3 Rh8 44. Nbd2 Ng7 45. Rfh1 Rag8
46. Nf1 Ne8 47. Ne3 Bf8 48. Rg2 Bh6 49. Nf1 Rh7 50. Nh2 Rgh8 51. Ka2 Rg8
52. Rb1 Ng7 53. Rgb2 Ra8 54. Nf1 Rhh8 55. Rf2 Rhg8 56. Kb3 Rh8 57. Qd3 Rhg8
58. Qf3 Rh8 59. Nh2 Rag8 60. Ka3 Ne8 61. Rfb2 Qe7 62. Bxa5 bxa5 63. b6+ Kb7
64. Rb5 Ng7 65. Rxa5 Ra8 66. Ra7+ Rxa7 67. bxa7+ Kxa7 68. Qc3 Ka6 69. Rb5
Qd8 70. Nxd6 Ne8 71. Nf7 Qc7 72. d6 Nxd6 73. Nxd6 Rb8 74. Ne4 Rd8 75. Nf1
Rb8 76. Nh2 Bf8 77. Nf3 Nb6 78. Nfd2 Rd8 79. Nb3 Rd4 80. Nexc5+ 1-0

[Event "X Anibal Open"]
[Site "Linares ESP"]
[Date "2003.03.04"]
[Round "5"]
[White "Vasquez,R"]
[Black "Kotronias,V"]
[Result "1/2-1/2"]
[WhiteElo "2481"]
[BlackElo "2573"]
[EventDate "2003.02.28"]

1. d4 Nf6 2. c4 g6 3. g3 Bg7 4. Bg2 O-O 5. Nc3 d6 6. Nf3 Nbd7 7. O-O e5 8.
e4 c6 9. h3 Qb6 10. Re1 exd4 11. Nxd4 Re8 12. Re2 Qb4 13. Rc2 Nc5 14. Bd2
Qb6 15. Be3 a5 16. b3 a4 17. Rb1 Qd8 18. f3 axb3 19. axb3 Nfd7 20. Bf2 Ra3
21. Qc1 Ra8 22. Qd1 Ra3 23. Rd2 Qg5 24. f4 1/2-1/2